| 000 | 00573nam a2200193 4500 | ||
|---|---|---|---|
| 001 | 108603 | ||
| 003 | ES-MaACL | ||
| 005 | 20230906184654.0 | ||
| 007 | t| | ||
| 008 | 061121s1967 sp r ||||1| cat d | ||
| 245 | 0 | 0 |
_aMonografies vallenques / _cPau Mercadé Queralt [et al.]. |
| 260 |
_aValls : _bajuntament, _c1967. |
||
| 300 |
_a203 p., 4 lám ; _c22 cm. |
||
| 490 | 1 |
_aEstudis Vallencs ; _vv. III |
|
| 700 | 1 |
_aMercadé Queralt, Pau. _980422 |
|
| 830 | 0 |
_aEstudis Vallencs ; _vv. III _9232947 |
|
| 852 |
_aES-MaACL _jC-33589 _bR.64379 |
||
| 999 |
_c108603 _d108603 |
||